History of Summit County, (Record no. 52273)
[ view plain ]
| 000 -LEADER | |
|---|---|
| fixed length control field | 01097cam a22003011 4500 |
| 001 - CONTROL NUMBER | |
| control field | rc 01002232 |
| 003 - CONTROL NUMBER IDENTIFIER | |
| control field | DLC |
| 005 - DATE AND TIME OF LATEST TRANSACTION | |
| control field | 20260227111906.0 |
| 007 - PHYSICAL DESCRIPTION FIXED FIELD--GENERAL INFORMATION | |
| fixed length control field | cr_||||||||||| |
| 008 - FIXED-LENGTH DATA ELEMENTS--GENERAL INFORMATION | |
| fixed length control field | 820309s1881 ilubcf 000 0 eng |
| 010 ## - LIBRARY OF CONGRESS CONTROL NUMBER | |
| LC control number | rc 01002232 |
| 035 ## - SYSTEM CONTROL NUMBER | |
| System control number | (OCoLC)8227777 |
| 040 ## - CATALOGING SOURCE | |
| Original cataloging agency | DLC |
| Transcribing agency | O |
| Modifying agency | DLC |
| 042 ## - AUTHENTICATION CODE | |
| Authentication code | premarc |
| 050 00 - LIBRARY OF CONGRESS CALL NUMBER | |
| Classification number | F497.S9 |
| Item number | P4 |
| 100 1# - MAIN ENTRY--PERSONAL NAME | |
| Personal name | Perrin, William Henry, |
| Dates associated with a name | -1892? |
| 245 10 - TITLE STATEMENT | |
| Title | History of Summit County, |
| Remainder of title | with an outline sketch of Ohio. |
| Statement of responsibility, etc. | Ed. by William Henry Perrin ... |
| 260 ## - PUBLICATION, DISTRIBUTION, ETC. | |
| Place of publication, distribution, etc. | Chicago, |
| Name of publisher, distributor, etc. | Baskin & Battey, |
| Date of publication, distribution, etc. | 1881. |
| 300 ## - PHYSICAL DESCRIPTION | |
| Extent | vi, [11]-1050 (i.e.1056) p. |
| Other physical details | pl., ports., maps. |
| Dimensions | 25 cm. |
| 500 ## - GENERAL NOTE | |
| General note | Extra numbered pages 320a-320f inserted after p. 320. |
| 500 ## - GENERAL NOTE | |
| General note | History of Ohio, by A.A. Graham : p. [11]-180. |
| 500 ## - GENERAL NOTE | |
| General note | Includes biographical sketches. |
| 530 ## - ADDITIONAL PHYSICAL FORM AVAILABLE NOTE | |
| Additional physical form available note | Also available in digital form on the Internet Archive Web site. |
| 651 #0 - SUBJECT ADDED ENTRY--GEOGRAPHIC NAME | |
| Geographic name | Summit County (Ohio) |
| General subdivision | History. |
| 651 #0 - SUBJECT ADDED ENTRY--GEOGRAPHIC NAME | |
| Geographic name | Summit County (Ohio) |
| Form subdivision | Biography. |
| 700 1# - ADDED ENTRY--PERSONAL NAME | |
| Personal name | Graham, A. A. |
| Fuller form of name | (Albert Adams), |
| Dates associated with a name | 1848- |
| 856 41 - ELECTRONIC LOCATION AND ACCESS | |
| Uniform Resource Identifier | <a href="http://hdl.loc.gov/loc.gdc/scd0001.00145748161">http://hdl.loc.gov/loc.gdc/scd0001.00145748161</a> |
No items available.